000 00516nam a2200205 a 4500
001 734
003 CO-ViMGA
008 141112s2004 ck r 000 u spa d
040 _aCO-ViMGA
_bspa
_cCO-ViMGA
082 _a839.9 N677a
100 1 _aNostlinger, Christine
_92781
245 1 0 _aLa autentica Susi
250 _a6a
260 _aMadrid :
_bS.M,
_c1994
300 _a171 p : il
490 _aEl barco de vapor, 65
500 _aA partir de 9 aƱos.
650 1 4 _aNOVELA AUSTRIACA
_95014
942 _2ddc
_cBK
999 _c11289
_d11289